00305nam a2200121Ia 4500008004100000041000800041082001200049100002400061245001900085260003600104300003200140365001100172240624s9999 xx 000 0 und d aeng a823 HAW aHAWTHORNE NATHANIEL aSCARLET LETTER c2010aNew DelhibHarper Collins aviii, : 324 : p. : cm. ; 18 cRSb25